000 00743cam a2200193 4500
001 WS119257
008 020808n 000 0 eng u
035 _a(Sirsi) u119257
110 _aInstitute for Fiscal Studies
_91
245 _aInstitute for Fiscal Studies
520 _aWeb site for this independent research organisation which aims to provide high quality economic analysis of public policy looking in particular at the UK tax system. Includes details of conferences and publications.
650 _aORGANISATION
650 _aPUBLIC POLICY
650 _aTAXATION
650 _aValuation
_96273
690 _aECONOMIC ISSUES
856 4 0 _uhttps://www.ifs.org.uk
_zView the website free of charge at www.ifs.org.uk...
942 _n0
999 _c120146
_d120146